000 00723nam a2200277Ia 4500
003 GCL
008 140319s9999 xx 000 0 eng d
040 _aGCL /
_cGCL
082 0 4 _aCH
_b603
_bU W
100 1 _aCLAYBOURNE, ANNE
245 1 0 _aTHE USBORNE ILLUSTRATED ENCYCLOPEDIA: SCIENCE AND TECHNOLOGY /
_cCLAYBOURNE, ANNE
700 1 _aWALTS, LISA
700 1 _aGEMMELL, KATHY
260 _a[S.N] :
_bUSBORNE PUBLISHING LTD ،
_c1996
300 _a96 P
650 0 4 _aELECTRONICS
650 0 4 _aCAMERAS
650 0 4 _aORGANIC CHEMISTRY
650 0 4 _aMETALS
650 0 4 _aENGINES
650 0 4 _aELECTRICITY
650 0 4 _aSCIENTISTS
650 0 4 _aCOMPUTER TECHNOLOGY
650 0 4 _aGRAVITY
942 _2ddc
_cBK
999 _c14382
_d14382